00466 2200181 4500001002100000005001500021008004100036020001800077035001900095041000700114082001000121090001600131100001700147245002700164260003700191300002800228650002800256INLIS00000000000398020241224112826241224||||||||| | ||| |||| || |  a979-688-986-2 0010-1224003980 aid0 aR 030 aR 030 OXL e0 aChris Oxlade00aEnsiklopedi Mini Sains aJakartabErlangga For Kidsc2003 a160 hlm.; ilus.: 20 cm. 0aEnsiklopedia Mini sains